00753nam a2200229 a 450000500170000000800410001701000140005802000260007202000150009803500130011303700150012604000180014108200150015910000280017424501070020226000550030927000450036430000280040950000200043765000390045770000270049620080820131943.0060418s2006 caua |s 001 0 eng d aENG-91153 a9780070264939c350.00 a0070264937 aEN-74686 bDBAD / PUB adplbEnglish  a658.312404 aKirkpatrick, Donald L.  aEvaluating training programs:cby Donald L. Kirkpatrick [and] James D. Kirkpatrick bthe four levels / aNew Delhi bTata McGraw-Hill Publishingc2008  a7 West Patel Nagar, bNew Delhi e110008 axvii, 379p.c24cm (Hb)  aIncludes index. aEmployeesxTraining ofxEvaluation aKirkpatrick, James D.